000 00916nas a2200289 4500
001 BR9702516
003 BR-BrBNA
005 20231205100219.0
007 ta
008 230509b bl.|||p| |||| 00| 00por d
040 _aBR-BrBNA
_bpor
_cBiblioteca Nacional de Agricultura
041 _a(Pt)
072 _aF02
100 1 _aNagao, E.O.
100 1 _aPasqual, M.
100 1 _aCarvalho, G.R.
245 1 _aEfeitos da sacarose e acido indolbutirico sobre o enraizamento "in vitro" de brotacoes do porta-enxerto de citros Poncirus trifoliata (L.)Raf.
650 _aFruta Citrica
650 _aCultura de Tecido
650 _aEnraizamento
650 _aSacarose
650 _aAcido Indolbutirico
650 _aBrotacao
773 0 _tCiencia e Agrotecnologia (Brazil)
_xISSN 1413-7054
_g(Apr-Jun 1996), v. 20(2) p. 160-163
_wBR9702516
909 _a202311
_bLúcia
_c55
_dLúcia Elande
942 _2AGRIS
_n0
_cANA
999 _c154785
_d154785